00552nam a2200193Ia 450000500170000000800410001704000190005804100120007708200160008910000230010524500640012826000350019230000100022750400500023765000150028765100270030270000190032985000100034820221021095457.0131103s9999 xx 000 0 und d aLoreto College aEnglish a155.24bSHA aShaffer , Laurance aPsychology of adjustmentcLaurance Shaffer and E. J. Shoben aLondonbHoughton Mifflinc1956 a672p  aIncludes bibliographical references and index aPsychology aEducational Psychology aShoben, E. J.  aLCLIB